| 000 | 01364nam0a2200325 4500 | ||
|---|---|---|---|
| 001 | RU\NLR\BIBL_A\011900224 | ||
| 005 | 20190117164010.0 | ||
| 010 |
_a978-5-17-093636-6 _94000 |
||
| 021 |
_aRU _bКН-П-18-092034 _9КН-П-18-6686 |
||
| 035 | _a(NLR Aleph) 011900224 | ||
| 035 | _a(RuMoRGB)009826108 | ||
| 090 |
_a10879054 _c10879054 |
||
| 100 | _a20181225d2018 b y0rusy50 ca | ||
| 101 | 0 | _arus | |
| 102 | _aRU | ||
| 105 | _aa|||z|||000ay | ||
| 200 | 1 |
_aОвощи и фрукты _e[для дошкольного возраста _eдля занятий взрослых с детьми (текст читают взрослые): _fстихи: Е. А. Гайдель] |
|
| 210 |
_aМосква _cАСТ _d2018 |
||
| 215 |
_a[10] с., [4] л. цв. наклеек _cцв. ил. _d21 |
||
| 225 | 1 | _aКнижка с пазлами-наклейками | |
| 300 | _aАвт. указан в вып. дан. | ||
| 606 | 1 |
_aДошкольники _xОзнакомление с видами фруктов _2nlr_sh2 _3RU\NLR\AUTH\661466237 |
|
| 606 | 1 |
_aДошкольники _xОзнакомление с видами овощей _2nlr_sh2 _3RU\NLR\AUTH\661466236 |
|
| 686 | 1 | _aЧ411.387 | |
| 700 | 1 |
_aГайдель _bЕ. А. |
|
| 942 | _cBOOK | ||
| 980 | _aNBR | ||
| 980 | _aNB | ||